000 01920cam a22004814i 4500
003 PE-LiUPU
005 20250731173059.0
008 150623s r 000 0 d
020 _a0800625994
035 _a(Sirsi) i9780800625993
040 _aPE-LiUPU
_bspa
_cPE-LiUPU
_erda
049 _aPRUA
082 0 4 _a225.6
_bM77
_221
100 1 _aMoore, Stephen D.,
_eautor.
245 1 0 _aPost structuralism and the New Testament :
_bDerrida and Foucault at the foot of the cross /
_cStephen Moore.
264 1 _aMinneapolis, MN :
_bFortress Press,
_c1994.
300 _a143 páginas ;
_c21 centímetros
336 _atext
_2rdacontent
337 _aunmediated
_2rdamedia
338 _avolume
_2rdacarrier
504 _aBibliografía al final de páginas.
505 0 _aDeconstruction, Theology and the differance between then a crash cours in saussure. -Deconstructive criticism: Derrida at the Samaritan well and later, at the foot of the cross. -How deconstruction differs from source and story, centered gospel studies. -Foucault from isanity to christianity. -Poststructuralist historiography: foucault at the foot of the cross.
526 _aSEG42
526 _aSEG41
526 _aSEG40
526 _aSEG39
526 _aP94
526 _aP87
526 _aP86
526 _aP85
526 _aP77
526 _aP76
526 _aP35
600 1 _aDerrida, Jacues.
_d1930-
600 1 _aFocault, Michel.
_d1926-1984
630 _aBiblia
_xCrítica, interpretación, etc.
942 _2ddc
_cBOOK
949 _a225.6 M77
_wDEWEY
_c1
_i48803
_lCCODEBUL1
_mBUL
_r0
_sY
_tBOOK
_u2015-6-24
_xTEOLOGIA
_PP35
_0COMPRA
_o.STAFF. Colección General
994 _aC0
_bPEPRU
596 _a1
999 _a225.6 M77
_wDEWEY
_c27961
_i48803
_f2021-11-9
_g6
_lCCODEBUL1
_mBUL
_r0
_sY
_tBOOK
_u2015-6-24
_xTEOLOGIA
_PP35
_0COMPRA
_o.STAFF. Colección General
_d27961
980 _81
_gALBERTO SANCHEZ Responsable de Automatización